000 00448nam a2200169 i 4500
001 bg
100 1 _aGOLLWITZER, Gerda
245 0 _aDachflächen. Bewohnt, befebt, bepflantz /
_cGerda Gollwitzer, Werner Wirsing.
260 _aMünchen :
_bCallwey,
_c1971.
300 _as. 136 :
_bilustr., fot.
700 1 _aWIRSING, Werner
040 _cBPK
041 _apol
080 _a692.4
942 _cKS
008 s pl f |000 0 pol
999 _c14692
_d14692
856 _uhttp://koha.tu.koszalin.pl/cgi-bin/koha/opac-detail.pl?biblionumber=14692
_yKatalog online BPK